00269nam a2200109Ia 4500008004100000041000800041082000800049100002300057245003600080250000600116260003700122221102s9999 xx 000 0 und d aeng bCha aChaudhary Nandita aModern Indian English Poetry a1 bSwastik publicationc1905-07-06